| 000 | 00481nam a2200157 4500 | ||
|---|---|---|---|
| 001 | 137554 | ||
| 003 | ES-MaACL | ||
| 005 | 20230906195409.0 | ||
| 007 | t| | ||
| 008 | 070214s1903 sp r ||||1| spa d | ||
| 100 | 1 |
_aSánchez de Castro, Manuel. _9102573 |
|
| 245 | 1 | 3 |
_aLa gracia _b: apuntes para una filosofía del arte / _cManuel Sánchez de Castro. |
| 260 |
_aSevilla : _bEscuela de Artes y Oficios, _c1903. |
||
| 300 |
_aVIII, 510 p. ; _c19 cm. |
||
| 852 |
_aES-MaACL _jF-1604 |
||
| 999 |
_c137554 _d137554 |
||